000 00599nam a22002177a 4500
003 UA-OsUOA
001 114947
007 ta
008 20151130b un ||||| |||| 00| 0 ukr d
100 _aПанченко В.
090 _a94(477)
_bП16
942 _cSA
040 _aUA-OsUOA
_bukr
_cUA-OsUOA
_dUA-OsUOA
245 _aВинниченко і Сталін: монолог, що так і не став діалогом
300 _aС.14
955 _a0
041 _aukr
080 _a94(477)
773 0 _w114946
650 7 _a9 Географія. Біографії. Історія
_2UDC
999 _c401046
_d401046